BUBT Library Online Catalog

Speical power act, 1974 arms act, 1978 explosive substance act , 1908. (Record no. 296)

000 -LEADER
fixed length control field 00732nam a22002297a 4500
008 - FIXED-LENGTH DATA ELEMENTS--GENERAL INFORMATION
fixed length control field 130505b xxu||||| |||| 00| 0 eng d
024 ## - OTHER STANDARD IDENTIFIER
Terms of availability Available
037 ## - SOURCE OF ACQUISITION
Terms of availability Available
040 ## - CATALOGING SOURCE
Original cataloging agency MBSTU LIBRARY
Modifying agency MBSTU LIBRARY
082 ## - DEWEY DECIMAL CLASSIFICATION NUMBER
Edition number 22
Classification number 342.052 MIS
100 ## - MAIN ENTRY--PERSONAL NAME
Personal name Miah, Siddiqur Rahman.
245 ## - TITLE STATEMENT
Title Speical power act, 1974 arms act, 1978 explosive substance act , 1908.
260 ## - PUBLICATION, DISTRIBUTION, ETC. (IMPRINT)
Place of publication, distribution, etc. Dhaka
Name of publisher, distributor, etc. New Warsi Book Corporation.
Date of publication, distribution, etc. 1999
300 ## - PHYSICAL DESCRIPTION
Extent 22 cm.
Other physical details 387 page
Type of unit 3
Size of unit 22 cm.
600 ## - SUBJECT ADDED ENTRY--PERSONAL NAME
Personal name Duties, functions and power.
650 ## - SUBJECT ADDED ENTRY--TOPICAL TERM
Source of heading or term Duties, functions and power.
700 ## - ADDED ENTRY--PERSONAL NAME
Personal name Miah, Siddiqur Rahman.
270 ## - ADDRESS
Address Dhaka
City Dhaka
Country Bangladesh
365 ## - TRADE PRICE
Price amount 250.00
Unit of pricing 250.00
942 ## - ADDED ENTRY ELEMENTS (KOHA)
Source of classification or shelving scheme
Koha item type Books

No items available.

More Information About Library

Library Hours

  • Open: 9.00 am. to 9.00 pm.
  • Only Sunday: 9.00 am. to 6.00 pm.
  • Closed: Holiday

Contact to the University

Bangladesh University of Business and Technology Library

  • Mirpurl-2, 1216.
  • Phone:
  • Fax:
  • E-Mail: admin.library@bubt.edu.bd

Contact to the Library

Contact Person:

Md. Abdul Hakim Shah
Joint Librarian
PABX No:  113
Cell No: 01816332931
E-mail: official: admin.library@bubt.edu.bd
Personal: hakim.shah@bubt.edu.bd


BUBT Library

Copyright © 2021